Východní Evropa v obtížné transformaci
Prechod východnej a strednej Európy k trhovému hospodárstvu je zložitejší, než sa predpokladalo. Rozsiahla chudoba a masová nezamestnanosť. Aktívna politika trhu práce - budovanie služieb zamestnanosti. Reštrukturalizácia ekonomiky. Odstránenie nezamestnanosti.
Salvato in:
| Natura: | Capitolo di libro |
|---|---|
| Lingua: | ceco |
| Soggetti: | |
| Tags: |
Nessun Tag, puoi essere il primo ad aggiungerne!!
|
MARC
| LEADER | 00000naa a2200000 4500 | ||
|---|---|---|---|
| 001 | r019067 | ||
| 005 | 20221208131355.8 | ||
| 041 | 0 | |a cze | |
| 044 | |a CZ | ||
| 245 | 1 | 0 | |a Východní Evropa v obtížné transformaci |
| 520 | |a Prechod východnej a strednej Európy k trhovému hospodárstvu je zložitejší, než sa predpokladalo. Rozsiahla chudoba a masová nezamestnanosť. Aktívna politika trhu práce - budovanie služieb zamestnanosti. Reštrukturalizácia ekonomiky. Odstránenie nezamestnanosti. | ||
| 610 | 2 | 0 | |a nezamestnanosť |
| 610 | 2 | 0 | |a transformácia |
| 610 | 2 | 0 | |a stredná Európa |
| 610 | 2 | 0 | |a východná Európa |
| 610 | 2 | 0 | |a hospodárstvo trhové |
| 610 | 2 | 0 | |a reštrukturalizácia |
| 610 | 2 | 0 | |a reformy hospodárske |
| 610 | 2 | 0 | |a investície |
| 610 | 2 | 0 | |a chudoba |
| 610 | 2 | 0 | |a MOP |
| 610 | 2 | 0 | |a úrady práce |